Historia de Chile 1891-1973

সংরক্ষণ করুন:
গ্রন্থ-পঞ্জীর বিবরন
প্রধান লেখক: Vial Correa, Gonzalo (Author)
বিন্যাস: গ্রন্থ
ভাষা:স্প্যানিশ
প্রকাশিত: Santiago Zig Zag 1996
সংস্করন:5a. ed
বিষয়গুলি:
ট্যাগগুলো: ট্যাগ যুক্ত করুন
কোনো ট্যাগ নেই, প্রথমজন হিসাবে ট্যাগ করুন!

MARC

LEADER 00000nam a2200000 a 4500
001 UCP4568
003 CL-VaPUC
008 990806e19960000CL |||||||||||||||||spa|d
082 0 4 |a 983  |b VIA  |2 21 
100 0 |a Vial Correa, Gonzalo  |e author  |9 432107 
245 1 0 |a Historia de Chile 1891-1973 
250 |a 5a. ed 
300 |a v 
942 |c BK 
945 |d 19990806 00:00:00  |a vberengu 
260 |a Santiago  |b Zig Zag  |c 1996 
500 |a v.1 t.1: La sociedad chilena en el cambio de siglo (1891-1920) 
500 |a  t.2: La sociedad chilena en el cambio de siglo (1891-1920) 
500 |a v.2: Triunfo y decadencia de la oligarquía (1891-1920) 
650 0 |a Historia de Chile  |9 360444 
650 0 |a Política  |9 255312 
650 0 |a Educación  |9 258661 
651 7 |a CHILE  |2 CL-VaPUC  |9 432108 
583 |a last modification  |c 19990806 00:00:00  |k Rodrigo Vera 
999 |c 282483  |d 282481 
952 |0 0  |1 0  |4 0  |6 983_000000000000000_VIA_1996  |7 0  |8 A  |9 324292  |a BIBEDU  |b BIBEDU  |d 2019-11-20  |h v.1t.1  |i 3478912  |o 983 VIA 1996  |p 3478912  |r 2019-11-20  |w 2019-11-20  |y BK  |k BME 
952 |0 0  |1 0  |4 0  |6 983_000000000000000_VIA_1996  |7 0  |8 A  |9 324293  |a BIBEDU  |b BIBEDU  |d 2019-11-20  |h v.1t.2  |i 3478920  |o 983 VIA 1996  |p 3478920  |r 2019-11-20  |w 2019-11-20  |y BK  |k BME 
952 |0 0  |1 0  |4 0  |6 983_000000000000000_VIA_1996  |7 0  |8 A  |9 324294  |a BIBEDU  |b BIBEDU  |d 2019-11-20  |h v.2  |i 3478939  |o 983 VIA 1996  |p 3478939  |r 2019-11-20  |w 2019-11-20  |y BK  |k BME